书目信息 |
| 题名: |
喜剧片剧本选集
|
|
| 作者: | ||
| 分册: | ||
| 出版信息: | 北京 中国电影出版社 1982 |
|
| 页数: | 446页 | |
| 开本: | 21cm | |
| 丛书名: | ||
| 单 册: | ||
| 中图分类: | I235.17 , I234 | |
| 科图分类: | ||
| 主题词: | 喜剧片-电影文学剧本--中国--现代--选集 , 电影文学剧本-喜剧片--中国--现代--选集 , 戏剧文学--剧本--中国 | |
| 电子资源: | ||
| ISBN: | ||
| 000 | 00714nam0 2200265 45 | |
| 001 | 0182008865 | |
| 005 | 20040416092007.0 | |
| 010 | @b精装@dCNY2.20 | |
| 091 | @a10061.396 | |
| 100 | @a19950603d1982 em y0chiy0121 ea | |
| 101 | 0 | @achi |
| 102 | @aCN@b110000 | |
| 105 | @ay z 000by | |
| 106 | @ar | |
| 200 | 10 | @a喜剧片剧本选集@Axi ju pian ju ben xuan ji |
| 210 | @a北京@c中国电影出版社@d1982 | |
| 215 | @a446页@d21cm | |
| 606 | @a喜剧片-电影文学剧本@y中国@z现代@x选集 | |
| 606 | @a电影文学剧本-喜剧片@y中国@z现代@x选集 | |
| 606 | 0 | @a戏剧文学@x剧本@x中国 |
| 690 | @aI235.17@v3 | |
| 690 | @aI234 | |
| 801 | 0 | @aCN@b上海图书馆@c20040416 |
| 801 | 2 | @aCN@bNLC@c20040416 |
| 905 | @f1@b78472@dI234@e45 | |
| 喜剧片剧本选集.-北京:中国电影出版社,1982 |
| 446页;21cm |
| ISBN (精装):CNY2.20 |
| ● |
| 相关链接 |
|
|
|
|
正题名:喜剧片剧本选集
索取号:I234/45
 
预约/预借
| 序号 | 登录号 | 条形码 | 馆藏地/架位号 | 状态 | 备注 |
| 1 | 0078472 | 000765853 | 第二借阅区/ [索取号:I234/45] | 在馆 |